[Event "17th Delhi GM Open 2019"]
[Site "Delhi"]
[Date "2019.01.16"]
[Round "10"]
[White "Debashis, Das"]
[Black "Muthaiah AL"]
[Result "1/2-1/2"]
[WhiteElo "2538"]
[BlackElo "2406"]
[Annotator "TA"]
[PlyCount "67"]
[EventDate "2019.01.09"]
[EventType "swiss"]
[EventCountry "IND"]
[SourceTitle "playchess.com"]
[Source "ChessBase"]
[SourceQuality "1"]

{[%evp 14,67,31,-9,19,17,10,18,20,10,35,49,41,37,29,25,24,16,46,35,86,-15,23,0,0,0,0,0,0,-15,0,-10,-13,-54,0,-14,0,-12,-14,-23,-6,-9,17,0,0,0,6,4,11,0,0,0,0,-7,-6,-22]} 1. d4 d5 2. c4 e6 3. Nc3 Be7 4. cxd5 exd5 5. Bf4 c6 6. e3 Bf5 7. f3 {D31: Queen's Gambit Declined: Semi-Slav without ...Nf6 (+ Marshall Gambit and Noteboom) and Exchange Variation lines without ...Nf6} Nd7 8. Nge2 {LiveBook: 14 Games} Bg6 9. Bg3 Ngf6 $146 ({Predecessor:} 9... Nh6 10. Bf2 Bd6 11. g4 f5 12. h3 O-O 13. Bg2 Qe7 14. O-O fxg4 15. hxg4 Qg5 {0-1 (28) Lautier,J (2676)-Vaganian,R (2623) Moscow 2004}) 10. Nf4 O-O 11. Be2 Nh5 12. Nxg6 hxg6 13. Bf2 Re8 14. Qd2 Nhf6 15. Rd1 Nb6 16. O-O Rc8 ({Black should try} 16... Bd6 $14) 17. b3 ({Better is} 17. e4 $16) 17... c5 18. dxc5 Bxc5 {[#] Hoping for ...Bb4.} 19. Nb5 a6 20. Nd4 Qe7 21. Bd3 Nbd7 22. Bb1 Ne5 23. Bd3 Ned7 (23... Bb4 $5 {[%cal Rb4d2]} 24. Qe2 Nc6 25. Nxc6 Rxc6 $15) 24. Bb1 Ne5 25. Rc1 Nc6 26. Rfd1 Nxd4 (26... Ba3 {feels hotter.} 27. Nxc6 bxc6 28. Rc2 Bd6 29. Qc3 Qc7) 27. exd4 {The position is equal.} Bb6 28. Rxc8 Rxc8 29. g3 Qc7 (29... Qa3 {is interesting.} 30. Kg2 Ba5 31. Qe2 Rc6 32. Bd3 Re6) 30. Kg2 Qc3 31. Qxc3 Rxc3 32. Be1 Rc6 33. Bf2 Ne8 34. Bd3 {Accuracy: White = 36%, Black = 45%.} 1/2-1/2

[Event "17th Delhi GM Open 2019"]
[Site "Delhi"]
[Date "2019.01.16"]
[Round "10"]
[White "Mosadeghpour, Masoud"]
[Black "Erigaisi Arjun"]
[Result "1-0"]
[WhiteElo "2517"]
[BlackElo "2548"]
[Annotator "TA"]
[PlyCount "99"]
[EventDate "2019.01.09"]
[EventType "swiss"]
[EventCountry "IND"]
[SourceTitle "playchess.com"]
[Source "ChessBase"]
[SourceQuality "1"]

{[%evp 22,99,36,0,16,13,52,32,43,50,56,54,74,60,107,66,117,122,134,99,174,112,138,84,121,144,483,212,235,215,219,168,159,116,127,137,146,133,127,129,134,118,104,94,437,420,357,193,226,74,65,16,16,23,57,14,26,18,79,79,224,219,652,652,640,640,925,577,959,888,29980,29964,29981,5089,5073,4134,29989,29990,29998,29999]} 1. e4 e6 2. d4 d5 3. Nc3 Bb4 4. a3 Bxc3+ 5. bxc3 dxe4 6. Qg4 Nf6 7. Qxg7 Rg8 8. Qh6 Rg6 9. Qh4 c5 10. Ne2 Rg4 11. Qh6 Rg6 12. Qh4 {LiveBook: 5 Games. C15: French: 3 Nc3 Bb4: Unusual White 4th moves} cxd4 13. cxd4 Nc6 14. c3 {White is slightly better.} e5 $146 ({Predecessor:} 14... Bd7 15. Bg5 Na5 16. Rb1 Nc4 17. Rxb7 Bc6 18. Rb1 Rb8 {0-1 (52) Warzecha,H (2382)-Tauscher,K (2408) Remote email 2013}) 15. dxe5 $1 Nxe5 16. Nf4 $1 Rg4 17. Qh6 $1 Bd7 18. Be2 Rg8 ({Black should try} 18... Qe7 $14) 19. O-O $16 Qe7 20. a4 Ng6 {[#]} (20... Nfg4 $16 21. Qxh7 O-O-O) 21. Rd1 (21. Ba3 $1 $18 {[%cal Ra3e7]} Qe5 22. Nxg6 hxg6 23. Rfd1) 21... Qe5 22. Rb1 (22. a5 $142) 22... Bxa4 23. Rxb7 Ne7 $2 {[%mdl 8192]} (23... e3 $16 24. Bxe3 (24. Rd4 Bc6 $11) 24... Bxd1 25. Bb5+ (25. Bxd1 O-O-O $11) 25... Kd8 26. Nxg6 fxg6) 24. Re1 (24. Ba3 $142 Bxd1 25. Rxe7+ Qxe7 26. Bxe7 Kxe7 27. Bxd1) 24... Nf5 $18 25. Qh3 Bc6 26. Rb4 Rd8 27. Bf1 Rg4 28. Nh5 Rh4 29. Nxf6+ Qxf6 30. Qf3 $1 {aiming for g4.} Kf8 {[#]} 31. Qe2 $1 {Strongly threatening g3.} h5 ({Don't go for} 31... Qxc3 $2 32. Rc4 $18) 32. Be3 Qxc3 $2 {[%mdl 8192]} (32... Rg4 $16 {is a better chance.}) 33. Rc1 Qf6 34. Bxa7 (34. h3 $142) 34... Rg4 35. Qa6 $2 (35. h3 $18 {has better winning chances.} Rg6 36. Qxh5) 35... Rg6 $16 36. Rb8 Rxb8 37. Bxb8 Nd4 38. Qa5 Kg8 {Threatens to win with ...e3!} 39. Qxh5 {Black must now prevent Bg3.} e3 (39... Nf3+ $1 $11 {remains equal.} 40. Kh1 Qb2 {[%mdl 64] Double Attack}) 40. fxe3 Nf3+ (40... Qe6 $16 41. Bf4 Qe4) 41. Kh1 $18 {And now Rxc6 would win.} Nd2 $2 (41... Qh4 42. Qxh4 Nxh4) 42. Be5 Qxf1+ 43. Rxf1 {[%csl Ge5][%cal Rh5h8]} Bxg2+ 44. Kg1 {[%csl Ge5][%cal Rh5h8]} Bxf1+ 45. Kf2 {[%csl Ge5][%cal Rh5h8]} Rg2+ 46. Ke1 {[%csl Ge5][%cal Rh5h8]} Kf8 47. Bc3 (47. Qh6+ $142 Ke8 48. Qc6+ Kf8 49. Qd6+ Kg8 50. Qf6 Nf3+ 51. Qxf3 Rg1 52. Qa8+ Kh7 53. Qh8+ Kg6 54. Qg7+ Kf5 55. Qxg1) 47... Re2+ 48. Kd1 {Threatening mate with Qc5+.} Nb1 49. Qc5+ Kg8 50. Qg5+ {Accuracy: White = 55%, Black = 31%.} 1-0

[Event "17th Delhi GM Open 2019"]
[Site "Delhi"]
[Date "2019.01.16"]
[Round "10"]
[White "Movsziszian, Karen"]
[Black "Stupak, Kirill"]
[Result "0-1"]
[WhiteElo "2514"]
[BlackElo "2542"]
[Annotator "TA"]
[PlyCount "72"]
[EventDate "2019.01.09"]
[EventType "swiss"]
[EventCountry "IND"]
[SourceTitle "playchess.com"]
[Source "ChessBase"]
[SourceQuality "1"]

{[%evp 19,72,0,0,-28,-16,-56,-43,-60,-51,-80,-63,-70,-80,-79,-52,-75,-51,-34,-43,-40,-35,-32,-62,-66,-43,-54,-60,-91,-66,-67,-64,-103,-102,-93,-96,-105,-98,-104,-104,-106,-104,-102,-98,-160,-154,-567,-567,-539,-534,-586,-574,-629,-579,-1056,-640]} 1. Nf3 d5 2. g3 g6 3. Bg2 Bg7 4. O-O e5 5. d3 Nc6 6. Nbd2 Nge7 7. e4 h6 8. exd5 Nxd5 9. Nc4 O-O 10. Re1 Re8 {LiveBook: 34 Games} 11. Nfd2 {A07: Réti Opening: New York and Capablanca Systems} (11. c3 Nb6 12. Ne3 Be6 13. Qc2 Qd7 14. a4 a5 15. Bd2 Rad8 16. Bf1 Bh3 17. Bxh3 Qxh3 18. Rad1 Kh8 {1-0 (47) Nepomniachtchi,I (2714)-Bacrot,E (2718) Beijing 2014}) 11... Be6 12. c3 Qd7 13. Ne4 {Black is slightly better.} b6 14. a4 Rad8 15. a5 {[#]} f5 $146 ({Predecessor:} 15... Kh7 16. Qa4 Nde7 17. Ned2 Bd5 18. Nf3 b5 19. Qxb5 Bxf3 20. Bxf3 {0-1 (44) Reshetkov,K (2197)-Stupak,K (2568) Lutsk 2015}) 16. Ned2 {[#]} e4 $1 {[%mdl 512]} 17. d4 (17. dxe4 Nxc3) 17... Bf7 18. axb6 axb6 19. Qa4 Rb8 {And now ...b5 would win.} 20. Ne3 b5 21. Qc2 Nxe3 22. Rxe3 b4 23. Re1 Ra8 24. Rxa8 Rxa8 25. Nf1 Ra2 {aiming for ...bxc3.} 26. Qb1 Ne7 27. f3 bxc3 28. bxc3 Qc6 29. fxe4 Qxc3 {[%mdl 64] Double Attack} 30. Be3 Bxd4 31. Bxd4 (31. Kh1 $142) 31... Qxd4+ $40 {[%mdl 128] Black has strong attack.} 32. Kh1 $2 (32. Ne3 $17 {was the crucial defense.}) 32... Qf2 $19 {[%csl Ga2][%cal Rf2g2] Black is clearly winning.} 33. Ne3 fxe4 34. Qb8+ {[#]} Kg7 $1 35. Qb4 Nf5 36. Qc3+ Kh7 {Accuracy: White = 32%, Black = 87%.} 0-1

[Event "17th Delhi GM Open 2019"]
[Site "Delhi"]
[Date "2019.01.16"]
[Round "10"]
[White "Swapnil, S. Dhopade"]
[Black "Tran, Tuan Minh"]
[Result "1/2-1/2"]
[WhiteElo "2487"]
[BlackElo "2541"]
[Annotator "TA"]
[PlyCount "116"]
[EventDate "2019.01.09"]
[EventType "swiss"]
[EventCountry "IND"]
[SourceTitle "playchess.com"]
[Source "ChessBase"]
[SourceQuality "1"]

{[%evp 17,116,8,12,0,42,43,36,39,37,45,42,37,56,46,53,52,64,45,51,51,77,46,46,46,68,60,55,50,55,58,50,27,47,39,54,58,61,55,56,50,49,32,58,0,0,0,14,0,0,0,0,0,0,0,0,0,0,-8,-8,-8,-8,-8,0,0,0,-8,-8,-8,-8,-8,-8,-8,-8,-8,0,-8,0,0,0,0,0,-20,-8,-8,-14,-22,-18,-25,0,0,0,-8,0,-5,-5,-8,-8,-8,-8,-8,-8]} 1. Nf3 c5 2. c4 Nc6 3. Nc3 g6 4. e3 Nf6 5. d4 cxd4 6. exd4 d5 7. cxd5 Nxd5 8. Qb3 e6 9. Bg5 {A35: Symmetrical English: 2 Nc3 Nc6 3 Nf3} (9. Bb5 Bg7 10. O-O O-O 11. Bxc6 bxc6 12. Re1 Qc7 13. Na4 c5 14. Nxc5 Bxd4 15. Nxd4 Qxc5 16. Nf3 Qb6 17. Qxb6 axb6 18. Bd2 f6 19. Nd4 e5 20. Nc2 Bb7 21. Nb4 Rfc8 {½-½ (21) Malakhov,V (2654)-Cheparinov,I (2711) Zagreb 2018}) 9... Qa5 {LiveBook: 5 Games} 10. Bd2 Bg7 11. Bc4 {[%cal Rc3d5] White is slightly better.} Nxc3 $146 ({Predecessor:} 11... Nde7 12. d5 exd5 13. Nxd5 Qd8 14. O-O Nxd5 15. Rfe1+ Nde7 16. Bxf7+ Kf8 17. Bg5 h6 18. Bxg6 Nxg6 19. Bxd8 Nxd8 20. Qd3 Kf7 21. Rac1 Ne6 22. Qf5+ Bf6 23. Rxc8 {1-0 (23) Kostin,A (2252)-Uryupin,I (2277) Tambov 2017}) 12. Bxc3 Qb6 $1 13. d5 Qxb3 14. axb3 Bxc3+ 15. bxc3 exd5 16. Bxd5 Be6 17. Bxc6+ bxc6 18. Nd4 Bd5 19. f3 c5 20. Nb5 {[#] aiming for Nc7+.} O-O-O 21. c4 Bb7 22. Nxa7+ Kc7 23. Nb5+ Kb6 24. Kf2 Rd2+ 25. Kg3 Bc6 26. Nc3 Re8 27. Rhb1 Re5 {next ...Rg5+ is good for Black.} 28. h4 g5 29. Na4+ Kc7 30. Re1 (30. Rd1 $14 Rc2 31. hxg5 Rxg5+ 32. Kf4) 30... gxh4+ 31. Kxh4 Rd4+ 32. g4 Rxe1 33. Rxe1 Bxf3 $11 {[%mdl 4096] Endgame KRB-KRN} 34. Re7+ Kd6 35. Rxf7 {[%mdl 64] [#] Double Attack} Bxg4 {...Be6+ is the strong threat.} 36. Kg3 h5 37. Rh7 Rd3+ 38. Kf4 Rf3+ 39. Kg5 Rg3 40. Kf4 Rf3+ 41. Kg5 Rxb3 42. Rh6+ Ke5 43. Nxc5 Rg3 44. Kh4 Rh3+ 45. Kg5 Rg3 46. Kh4 Rc3 47. Rh8 Kf5 {[%csl Gg4][%cal Rc3h3]} 48. Rf8+ Kg6 {[%csl Gg4][%cal Rc3h3]} 49. Rg8+ Kh6 {[%csl Gg4][%cal Rc3h3]} 50. Rh8+ Kg7 51. Rd8 Rxc4 52. Nd3 Kf6 53. Rf8+ {The position is equal.} Kg7 54. Rf4 Rc3 55. Ne5 Be6 56. Kxh5 Rc5 57. Re4 Kf6 58. Kh4 Rxe5 {Accuracy: White = 69%, Black = 60%.} 1/2-1/2

[Event "17th Delhi GM Open 2019"]
[Site "Delhi"]
[Date "2019.01.16"]
[Round "10"]
[White "Gajek, Radoslaw"]
[Black "Baivab Mishra"]
[Result "1-0"]
[WhiteElo "2481"]
[BlackElo "2196"]
[Annotator "TA"]
[PlyCount "49"]
[EventDate "2019.01.09"]
[EventType "swiss"]
[EventCountry "IND"]
[SourceTitle "playchess.com"]
[Source "ChessBase"]
[SourceQuality "1"]

{[%evp 28,49,60,61,72,70,113,132,170,183,170,177,233,215,235,220,187,226,221,175,183,135,479,477]} 1. c4 g6 2. e4 c5 3. Nf3 Nc6 4. d4 cxd4 5. Nxd4 Nf6 6. Nc3 d6 7. Be2 Nxd4 8. Qxd4 Bg7 9. Be3 O-O 10. Qd2 a5 {[%cal Ba7a5,Ba5a4][%mdl 32] B36: Sicilian: Maroczy Bind: Gurgenidze System} 11. O-O a4 12. Rad1 Qa5 13. Bd4 Be6 14. f4 {[%cal Bf2f4,Bf4f5,Bf5e6,Be6f7][%mdl 32]} Rfc8 (14... Rac8 15. b3 axb3 16. axb3 b5 17. Bxf6 Bxf6 18. Nxb5 Qxd2 19. Rxd2 Ra8 20. Nc7 Ra3 21. Nxe6 fxe6 {1-0 (58) Yu,Y (2759)-Bu,X (2718) Hangzhou 2018}) 15. b3 $1 {LiveBook: 32 Games} axb3 16. axb3 b5 {[%cal Rb5c4]} 17. f5 b4 18. fxe6 bxc3 19. exf7+ {[#]} ({Of course not} 19. Qxc3 $6 fxe6 20. e5 Qxc3 $14) 19... Kf8 $146 (19... Kxf7 {was called for.} 20. Bxc3 Qb6+ 21. Qd4 Qxd4+ 22. Bxd4 Ra2) 20. Bxc3 Qc5+ 21. Kh1 {aiming for b4.} Nxe4 22. Bxg7+ Kxg7 {[#]} 23. Qb2+ $1 Nf6 24. b4 Rab8 $2 {[%mdl 8192] [#]} (24... Qe5 $16 {is a better chance.} 25. Qxe5 dxe5) 25. Qxf6+ $1 {[%mdl 512]} 1-0

[Event "17th Delhi GM Open 2019"]
[Site "Delhi"]
[Date "2019.01.16"]
[Round "10"]
[White "Khusenkhojaev, Muhammad"]
[Black "Bharat Kumar Reddy Poluri"]
[Result "*"]
[WhiteElo "2455"]
[BlackElo "2197"]
[Annotator "TA"]
[PlyCount "108"]
[EventDate "2019.01.09"]
[EventType "swiss"]
[EventCountry "IND"]
[SourceTitle "playchess.com"]
[Source "ChessBase"]
[SourceQuality "1"]

{[%evp 26,108,-2,0,32,21,50,45,41,33,39,44,51,54,45,13,8,8,8,0,3,3,135,0,0,0,147,0,0,0,146,0,0,0,146,0,0,0,137,0,0,0,211,217,216,210,209,215,200,0,1286,0,199,0,1286,0,197,0,1210,0,211,0,1330,0,195,0,1308,0,195,0,1254,0,188,0,1212,0,191,0,1155,0,200,0,1043,0,190]} 1. Nf3 Nf6 2. c4 e6 3. g3 d5 4. d4 Be7 5. Bg2 O-O 6. O-O dxc4 7. Qc2 a6 8. a4 Bd7 9. Qxc4 Bc6 10. Bg5 Nbd7 {[%cal Bb8d7,Bd7f6,Bf6e4][%mdl 32]} 11. Nc3 h6 12. Bxf6 {E05: Open Catalan: 5 Nf3 Be7} Nxf6 13. Rfe1 (13. b4 Bd5 14. Nxd5 exd5 15. Qb3 c6 16. e3 Ne4 17. Rfc1 Bf6 18. Rab1 Re8 19. b5 axb5 20. axb5 Qd7 21. bxc6 bxc6 {½-½ (60) Xiong,J (2656)-Wang,H (2722) Douglas 2018}) 13... Bd5 14. Qd3 {LiveBook: 4 Games} c5 15. e4 {[%cal Be2e4,Be4e5][%mdl 32]} cxd4 16. Nxd5 $146 ({Predecessor:} 16. Nxd4 Bc6 17. Rad1 e5 18. Nxc6 bxc6 19. Qc2 Qb6 {½-½ (31) Castaneda,J (2182)-Rios Parra,J (2060) Medellin 2018}) 16... exd5 17. e5 Ne4 18. Nxd4 Qb6 19. Re2 Bc5 20. Rd1 (20. a5 {is interesting.} Qb4 21. Nb3 Rfd8 22. Rd1 Ba7 23. Rc1) 20... Rfe8 21. Bxe4 dxe4 22. Qxe4 Rad8 {[%cal Rd8d4]} 23. Red2 $1 Ra8 (23... Qb4 $11 {remains equal.}) 24. Re2 Rad8 {[%cal Rd8d4]} 25. Red2 $1 Ra8 26. Re2 Rad8 {[%cal Rd8d4]} 27. Red2 $1 Ra8 28. Re2 Rad8 {[%cal Rd8d4]} 29. Red2 $1 Ra8 30. Re2 Rad8 {[%cal Rd8d4]} 31. Red2 $1 Ra8 32. Re2 ({White should play} 32. Nf5 $16) 32... Rad8 $11 {[%cal Rd8d4]} 33. Red2 $1 f5 $2 (33... Ra8 $11 {and Black has nothing to worry.}) 34. Nxf5 $18 Bxf2+ 35. Kg2 Rxd2 36. Rxd2 Bc5 37. Rd1 $2 (37. Qd5+ $18 Kh7 38. Nd6) 37... Bf2 $2 {[%mdl 8192] [#]} (37... Qxb2+ $11 38. Kh3 Qxe5 39. Qc4+ Qe6 40. Qxc5 g6) 38. Rd2 $2 (38. Nxg7 $1 {[%mdl 512]} Re7 (38... Kxg7 39. Rd7+) 39. Nf5) 38... Bc5 39. Rd1 $2 (39. Qd5+ $18 Kh7 40. Nd6) 39... Bf2 $2 {[%mdl 8192] [#]} (39... Qxb2+ $11 40. Kh3 Qxe5 41. Qc4+ Qe6 42. Qxc5 g6) 40. Rd2 $2 (40. Nxg7 $1 {[%mdl 512]} Re7 (40... Kxg7 41. Rd7+) 41. Nf5) 40... Bc5 41. Rd1 $2 (41. Rd7 Bf8 42. Qg4 (42. Rxb7 Rxe5 43. Rxb6 Rxe4 $16) 42... Qc6+ 43. Kh3) 41... Bf2 {[#]} 42. Rd2 $2 (42. Nxg7 $1 {[%mdl 512]} Re7 (42... Kxg7 43. Rd7+) 43. Nf5) 42... Bc5 43. Rd1 $2 (43. Qd5+ Kh7 44. Nh4) 43... Bf2 {[#]} 44. Rd2 $2 (44. Nxg7 $1 {[%mdl 512]} Re7 (44... Kxg7 45. Rd7+) 45. Nf5) 44... Bc5 45. Rd1 $2 (45. Qd5+ Kh7 46. Rc2) 45... Bf2 {[#]} 46. Rd2 $2 (46. Nxg7 $1 {[%mdl 512]} Re7 (46... Kxg7 47. Rd7+) 47. Nf5) 46... Bc5 47. Rd1 $2 $40 {[%mdl 128] White attacks.} (47. Rd7 Bf8 48. Rxb7 Rxe5 49. Rxb6 Rxe4 50. Rxa6) 47... Bf2 {[#]} 48. Rd2 $2 (48. Nxg7 $1 {[%mdl 512]} Re7 (48... Kxg7 49. Rd7+) 49. Nf5) 48... Bc5 49. Rd1 $2 (49. Rd7 Bf8 50. Rxb7 Rxe5 51. Rxb6 Rxe4 52. Rxa6) 49... Bf2 {[#]} 50. Rd2 $2 (50. Nxg7 $1 {[%mdl 512]} Re7 (50... Kxg7 51. Rd7+) 51. Nf5) 50... Bc5 51. Rd1 $2 (51. Qd5+ Kh7 52. Nd6) 51... Bf2 {[#]} 52. Rd2 $2 (52. Nxg7 $1 {[%mdl 512]} Bxg3 (52... Kxg7 53. Rd7+) 53. Nxe8 Qf2+ 54. Kh3 Qxh2+ 55. Kg4 Qh4+ 56. Kf3 Qxe4+ 57. Kxe4) 52... Bc5 53. Rd1 $2 (53. Qd5+ Kh7 54. Nd6) 53... Bf2 {[#]} 54. Rd2 $2 (54. Nxg7 $1 {[%mdl 512]} Re7 (54... Kxg7 55. Rd7+) 55. Nf5) 54... Bc5 {Accuracy: White = 15%, Black = 77%.} *

[Event "17th Delhi GM Open 2019"]
[Site "Delhi"]
[Date "2019.01.16"]
[Round "10"]
[White "Lugovskoy, Maxim"]
[Black "Karthikeyan, Murali"]
[Result "1/2-1/2"]
[WhiteElo "2445"]
[BlackElo "2570"]
[Annotator "TA"]
[PlyCount "50"]
[EventDate "2019.01.09"]
[EventType "swiss"]
[EventCountry "IND"]
[SourceTitle "playchess.com"]
[Source "ChessBase"]
[SourceQuality "1"]

{[%evp 28,50,0,0,16,10,31,20,18,16,42,2,9,0,19,1,22,0,16,0,7,0,10,0,12]} 1. e4 c5 2. c3 Nf6 3. e5 Nd5 4. d4 cxd4 5. cxd4 d6 6. Nf3 Nc6 7. Bc4 Nb6 8. Bb5 dxe5 9. Nxe5 Bd7 10. Nxd7 Qxd7 11. Nc3 e6 12. O-O Rd8 {B22: Sicilian: 2 c3} 13. Be3 Be7 14. Qf3 (14. Qb3 O-O 15. Rad1 Qd6 16. a3 Na5 17. Qa2 Nd5 18. Be2 Nc6 19. Nxd5 exd5 20. g3 {½-½ (57) Boruchovsky,A (2558)-Yilmaz,M (2624) Rio Achaea 2018}) 14... O-O 15. Rfd1 {LiveBook: 6 Games} Nd5 16. Rac1 a6 17. Nxd5 $146 ({Predecessor:} 17. Ba4 b5 18. Nxd5 exd5 19. Bc2 {1-0 (39) Zumsande,M (2439)-Einarsson,H (2239) Reykjavik 2012}) 17... exd5 18. Bd3 f5 19. Qh3 g6 {The position is equal.} 20. g3 Bf6 21. Bf1 Rfe8 22. Rc5 Be7 23. Rcc1 Bf6 24. Rc5 Be7 25. Rcc1 Bf6 {Accuracy: White = 24%, Black = 38%.} 1/2-1/2

[Event "17th Delhi GM Open 2019"]
[Site "Delhi"]
[Date "2019.01.16"]
[Round "10"]
[White "Nitin, S.."]
[Black "Nayak Rajesh"]
[Result "1-0"]
[WhiteElo "2442"]
[BlackElo "2181"]
[Annotator "NA"]
[PlyCount "41"]
[EventDate "2019.01.09"]
[EventType "swiss"]
[EventCountry "IND"]
[SourceTitle "playchess.com"]
[Source "ChessBase"]
[SourceQuality "1"]
[TimeControl "5400+30"]

1. e4 {[%emt 0:00:04]} {Predecessor:} e5 $146 2. Nf3 Nc6 3. Bb5 Nf6 4. O-O Nxe4 5. d4 Nd6 6. Bxc6 dxc6 7. dxe5 Nf5 8. Qxd8+ Kxd8 9. Nc3 Ke8 10. h3 h5 11. Bf4 Be7 12. Rad1 Be6 13. Ng5 Rh6 14. g3 Bxg5 15. Bxg5 Rg6 16. Bf4 Nh4 17. Kh1 Nf3 18. Kg2 Nh4+ 19. Kh1 Nf3 20. Kg2 Nh4+ 21. Kh1 {½-½ (21) Lupulescu,C (2601)-Parligras,M (2645) Sovata 2018} 1-0

[Event "17th Delhi GM Open 2019"]
[Site "Delhi"]
[Date "2019.01.16"]
[Round "10"]
[White "Dzhumaev, Marat"]
[Black "Wagh Suyog"]
[Result "1/2-1/2"]
[WhiteElo "2437"]
[BlackElo "2263"]
[Annotator "TA"]
[PlyCount "187"]
[EventDate "2019.01.09"]
[EventType "swiss"]
[EventCountry "IND"]
[SourceTitle "playchess.com"]
[Source "ChessBase"]
[SourceQuality "1"]

{[%evp 13,187,22,40,0,0,0,0,0,2,2,7,-16,0,-24,-27,-24,-24,-15,-16,-22,-14,-31,-35,-35,-22,-25,0,-16,-2,-3,-3,-14,-12,-16,-22,-13,0,0,0,0,0,0,0,0,0,0,0,0,0,0,0,0,0,0,0,0,0,0,0,0,0,0,0,0,0,0,0,0,4,0,0,0,0,0,0,0,0,0,2,0,0,0,0,0,0,0,0,0,0,0,0,0,0,0,0,0,0,0,0,2,2,0,0,0,0,0,0,0,0,0,0,0,0,0,0,-14,-9,-14,0,-58,-60,-60,-60,-60,0,-37,-37,-39,-41,-30,-41,-64,0,0,0,0,0,-42,-38,-41,0,-11,0,-52,-45,-41,-14,-55,-59,-104,-104,-102,3,3,3,3,3,3,6,0,0,0,0,0,8,8,8,8,12,8,8,8,8,8,8,-29973]} 1. e4 c5 2. Nf3 d6 3. Nc3 Nf6 4. e5 dxe5 5. Nxe5 a6 6. a4 Nbd7 {B50: Sicilian: 2...d6, Miscellaneous} 7. Nc4 Nb6 {LiveBook: 11 Games} 8. Nxb6 (8. Ne3 {is interesting.} e6 9. g3 Nbd5 10. Bg2 Bd6 11. O-O) 8... Qxb6 9. Be2 Bd7 10. O-O e6 11. d3 Qc7 $146 ({Predecessor:} 11... Rd8 12. Bf3 Bc6 13. Bxc6+ Qxc6 14. Bg5 {0-1 (64) Asadli,V (2457)-Abasov,N (2577) Kocaeli 2017}) 12. Bg5 Be7 13. Bf3 Ng4 14. Bxg4 Bxg5 15. Re1 O-O 16. Bf3 Rad8 17. Qe2 Bf6 18. a5 Rfe8 19. g3 Rc8 20. Ra3 Red8 21. Ne4 Be7 {Black wants to play ...c4.} 22. Rb3 Bb5 {[#] And now ...c4 would win.} 23. Nd2 Qxa5 24. Bxb7 Rc7 25. Bf3 c4 26. Nxc4 Rxc4 27. dxc4 Bxc4 28. Qxc4 Qxe1+ 29. Kg2 g6 {With the idea ...Rd2.} ({But not} 29... Rd2 $6 30. Rb8+ Rd8 31. Rxd8+ Bxd8 32. Qxa6 $16) 30. Re3 Qb4 31. Qxb4 Bxb4 $11 {[%mdl 4096] Endgame KRB-KRB} 32. Re4 a5 33. Rc4 Rb8 34. b3 Rb5 35. Rc8+ Kg7 36. Be4 Rc5 37. Ra8 Rc7 38. Bd3 Kf6 39. f4 h5 40. Kf3 Bc3 41. Ke4 Be1 42. Ra6 Bb4 43. Bc4 Rd7 44. Bd3 $1 Rc7 45. h3 Rc8 46. Ra7 Rc5 47. Kf3 g5 48. Ra6 Kg7 49. Rb6 Bd2 50. Rb7 Kf6 51. Rd7 Bb4 52. Ra7 Bd2 53. Ke2 Bc1 54. Kf3 Bd2 55. Rb7 Bc1 56. c4 Ba3 57. Ke3 h4 58. g4 gxf4+ 59. Kxf4 Bc1+ 60. Kf3 Bd2 61. Rd7 Bc1 62. Ra7 Bd2 63. Be4 Bb4 64. Ra8 Ke5 65. Ke3 Rc7 66. Rb8 (66. g5 $11) 66... Bc5+ $15 67. Kf3 Kd4 68. Rd8+ Ke5 ({Black should play} 68... Kc3 $1 $15 69. Rd3+ Kb4) 69. g5 f5 70. gxf6 $1 Rf7 71. Bc6 Rxf6+ 72. Kg4 Rf4+ (72... Rg6+ $1 $15 73. Kh5 Rg3 74. Kxh4 Rxb3) 73. Kh5 $11 Rf5+ 74. Kg6 Rf6+ 75. Kg7 Rf1 76. Kg6 Rf6+ 77. Kg7 Rf1 78. Rb8 (78. Kg6 $1 $11) 78... Rg1+ $15 79. Kf7 Kd6 80. Ba4 Rg3 81. Rb5 Rxh3 {[#] Threatens to win with ...Rf3+.} 82. Rxa5 Rg3 ({Better is} 82... Rf3+ $17 83. Ke8 h3) 83. Ra6+ $11 {The position is equal.} Ke5 84. Rxe6+ Kd4 85. Rh6 h3 86. Rh5 {Strongly threatening Rd5+.} Bb4 87. Rh4+ Kc5 88. Ke6 Rg6+ 89. Kf5 Rg3 90. Ke4 Kb6 91. Rh5 Bc5 92. Rh6+ Ka5 93. Kf4 Be3+ 94. Ke4 $2 {[%mdl 40960] Accuracy: White = 57%, Black = 77%. . An unexpected result.} (94. Kxg3 $11 Bxh6 95. c5 (95. Kxh3 Kb4 $11)) 1/2-1/2